Cuestiones básicas de macroeconomía intermedia / (Record no. 184601)

MARC details
000 -CABECERA
campo de control de longitud fija 00658nam a2200205 a 4500
005 - FECHA Y HORA DE LA ÚLTIMA TRANSACCIÓN
campo de control 20251008063958.0
008 - ELEMENTOS DE LONGITUD FIJA--INFORMACIÓN GENERAL
campo de control de longitud fija 160823s2013 mx r 000 0 spa d
020 ## - NÚMERO INTERNACIONAL NORMALIZADO PARA LIBROS
Número Internacional Estándar del Libro 9788473568906
035 ## - NÚMERO DE CONTROL DEL SISTEMA
Número de control de sistema UPN01000212501
049 ## - COLECCIÓN
Colección CG
050 #4 - SIGNATURA TOPOGRÁFICA DE LA BIBLIOTECA DEL CONGRESO
Número de clasificación HB172.5
Número de documento/Ítem C8.3
245 00 - MENCIÓN DE TÍTULO
Título Cuestiones básicas de macroeconomía intermedia /
Mención de responsabilidad, etc. María Teresa Freire Rubio ... [et al.].
260 ## - PUBLICACIÓN, DISTRIBUCIÓN, ETC.
Lugar de publicación, distribución, etc. Madrid :
Nombre del editor, distribuidor, etc. Universidad Rey Juan Carlos :
-- ESIC,
Fecha de publicación, distribución, etc. 2013.
300 ## - DESCRIPCIÓN FÍSICA
Extensión 244 p. :
Otras características físicas tablas, gráfs.
650 #2 - ASIENTO SECUNDARIO DE MATERIA - TERMINO TEMATICO
Término de materia o nombre geográfico como elemento de entrada Macroeconomía
9 (RLIN) 709
650 #4 - ASIENTO SECUNDARIO DE MATERIA - TERMINO TEMATICO
Término de materia o nombre geográfico como elemento de entrada Economía
Subdivisión general Estudio y enseñanza
9 (RLIN) 4608
700 1# - ASIENTO SECUNDARIO--NOMBRE DE PERSONAL
Nombre de persona Freire Rubio, María Teresa,
Término indicativo de función/relación coaut.
905 ## - TIPO DE MATERIAL
Tipo de material Libro
Holdings
Estado de retiro Estado de pérdida Fuente del sistema de clasificación o colocación Estado dañado No para préstamo Código de colección Localización permanente Ubicación/localización actual Ubicación en estantería Total de préstamos Clasificación Código de barras Fecha visto por última vez Número de copia Tipo de ítem Koha
    Library of Congress Classification     Colección General Bib. Gregorio Torres Quintero Bib. Gregorio Torres Quintero Planta baja   HB172.5 C8.3 312916 31/12/2020 1 Libro
    Library of Congress Classification     Colección General Bib. Gregorio Torres Quintero Bib. Gregorio Torres Quintero Planta baja   HB172.5 C8.3 312915 31/12/2020 1 Libro